01498aas a2200241 4500952009000000999001700090001001000107003001000117005001700127008004100144022001400185040004100199041000800240100003500248242005800283245007100341300006100412520060800473546002201081650003801103773010701141942000801248 001040708HEMaFUSBCbFUSBCd2016-01-26l0o r2016-01-26 00:00:00w2016-01-26yANA c53754d53754768714001CO-MdFUSB20171107163054.0170728s1997 xxu||||| |||| 00| 0 eng d aCO-MdFUSB a0098-9444bspacCO-MdFUSBdCO-MdFUSB aeng1 aLehrer-Jacobson, Gustae28 cm. a¡Falso! Las muchas facetas del arte del falsificador 0aFake! The many facets of the forger's artc/ Gusta Lehrer-Jacobson aVolumen 23. Número 2 (1997), páginas 36-67c: 28 cm. aMientras las personas han estado elaborando hermosos y valiosos objetos, otros han estado ocupados creando falsificaciones de estos mismos objetos. Esta guía a través del nefasto pero altamente inventivo mundo de las falsificaciones resalta las muchas técnicas preferidas por los falsificadores, y las herramientas igualmente ingeniosas utilizadas para desenmascararlas. Una barra lateral explica cómo los falsificadores reducen involuntariamente el saqueo de sitios y advierte a quienes no están familiarizados con las formas en que los falsificadores se cuidan del mercado de antigüedades. aTexto en inglés 79403aExcavaciones arqueológicas0 tBiblical Archaeology Review049395959491gVolumen 23. Número 2 (1997), páginas 36-67qPágina 36 cANA